00567nam a2200157 a 45000010005000000030009000050080041000140400028000550820017000831000028001002450171001282600044002993000010003436500027003536500029003805711CO-ViMGA141112s2004 ck r 000 u spa d aCO-ViMGAbspacCO-ViMGA04a343.093 L3151 aLeal Perez, Hildebrando10aEl contrato de transporte : btransporte terrestre, aereo y marítimo, transporte de carga, pasajeros y equipaje, responsabilidad derivada del contrato de transporte aSantafé de Bogotá : bLeyer, c1996 a303 p14aCONTRATO DE TRANSPORTE14aTRANSPORTE - LEGISLACION